| 000 | 00564nam a2200205 a 4500 | ||
|---|---|---|---|
| 001 | $$a0000030756 | ||
| 005 | 20200120222203.0 | ||
| 008 | 070828s2007 esp0 gr0 000 d | ||
| 020 | _a84-96822-00-9 | ||
| 090 |
_aAN _bTAB |
||
| 100 | 0 | _aTabor, Berta | |
| 245 | 1 | 3 |
_aLa pértiga del funambulista / _cBerta Tabor. |
| 250 | _a1a. ed. | ||
| 260 |
_aMadrid _b451 Editores _c2007 |
||
| 300 | _a194 p. | ||
| 500 | _aColección BAC | ||
| 650 | 1 | 4 | _aLITERATURA ESPAÑOLA |
| 650 | 1 | 4 | _aNOVELA ESPAÑOLA |
| 901 | _aCompra, Distribuidora Colsubsidio, 2007, $68.200.00 | ||
| 999 |
_c1804 _d1804 |
||